| 000 | nam a22 7a 4500 | ||
|---|---|---|---|
| 999 |
_c129176 _d129176 |
||
| 008 | 190312b xxu||||| |||| 00| 0 eng d | ||
| 050 | _aB785.S85 H479 | ||
| 100 |
_aHellin, Jose _945136 |
||
| 245 |
_aThe scholastic existentialism of Francis Suarez _cJose Hellin |
||
| 260 | _c1956 | ||
| 300 |
_a24p. ; _c27cm. |
||
| 500 | _aStencilled | ||
| 600 |
_aSuarez, Francisco _932942 |
||
| 700 |
_aBenedetto, A.J. (tr.) _945147 |
||
| 942 |
_2lcc _cMONOGRAPH |
||